Mirror for Humanity: A concise introduction to Cultural Anthropology

This concise, up-to-date introduction to cultural anthropology carefully balances coverage of core topics with contemporary changes in the field.

Gespeichert in:
Bibliographische Detailangaben
1. Verfasser: Kottak, Conrad Phillip
Format: Buch
Sprache:Undetermined
Veröffentlicht: New York McGraw-Hill 2010
Schlagworte:
Tags: Tag hinzufügen
Keine Tags, Fügen Sie den ersten Tag hinzu!
Thư viện lưu trữ: Trung tâm Học liệu Trường Đại học Cần Thơ
LEADER 00697nam a2200193Ia 4500
001 CTU_181487
008 210402s9999 xx 000 0 und d
082 |a 306 
082 |b K87 
100 |a Kottak, Conrad Phillip 
245 0 |a Mirror for Humanity: A concise introduction to Cultural Anthropology 
245 0 |c Conrad Phillip Kottak 
260 |a New York 
260 |b McGraw-Hill 
260 |c 2010 
520 |a This concise, up-to-date introduction to cultural anthropology carefully balances coverage of core topics with contemporary changes in the field. 
650 |a Ethnology,Nhân chủng học 
904 |i ngoc huyen 
980 |a Trung tâm Học liệu Trường Đại học Cần Thơ